000 00688nam a22001337a 4500
040 _cRUA
082 _aAED CHO 2018 B650 Or.1
100 _aCHON KIMSAN ចន គឹមសាន
245 _athe study on economic efficiency of poul try farm in sdok commune, korngpisey district, kampong spue province ការសិក្សារអំពីប្រសិទ្ធភាពសេដ្ខកិច្ចនៃកសិដ្ឋានមាន់យកសាច់ នៅឃុំស្តុក ស្រុកគងពីសី ខេត្តកំពង់ស្ពឺ
260 _aRUA
_bPhnom penh
_c2018
300 _ax;46p
_bill;
_c29cm
856 _uCHON KIMSAN
942 _cAED
999 _c18365
_d18365